[Event "Belgrade Trophy 34th"]
[Site "Belgrade"]
[Date "2020.11.27"]
[Round "4"]
[White "Hart, Alexander E"]
[Black "Karanovic, Djordje"]
[Result "1-0"]
[WhiteElo "1979"]
[BlackElo "1809"]
[PlyCount "101"]
[EventDate "2020.11.24"]
[EventType "swiss"]
[EventRounds "9"]
[EventCountry "SRB"]
[SourceTitle "CBM 199 Extra"]
[Source "ChessBase"]
[SourceDate "2021.01.31"]
[SourceVersion "1"]
[SourceVersionDate "2021.01.31"]
[SourceQuality "1"]

1. d4 Nf6 2. c4 e6 3. Nc3 d5 4. cxd5 exd5 5. Bg5 c6 6. e3 Bf5 7. g4 Bg6 8. Qb3 Qb6 9. Bxf6 Qxb3 10. axb3 gxf6 11. h4 h6 12. Nf3 Nd7 13. h5 Bh7 14. Bh3 Be7 15. Kd2 Nf8 16. Nh4 Ne6 17. Bf1 Rg8 18. f3 Ng7 19. f4 Kd7 20. f5 Ne8 21. Be2 Bb4 22. Rhg1 Nd6 23. Bd3 Ne4+ 24. Kc2 Bxc3 25. bxc3 Nf2 26. Be2 Rg7 27. Rg2 Ne4 28. c4 Nd6 29. c5 Ne4 30. b4 Kc7 31. b5 cxb5 32. Bxb5 Rag8 33. Be2 Kb8 34. Ra3 Rg5 35. Bf3 b6 36. Rb3 Kc7 37. cxb6+ axb6 38. Kd3 R5g7 39. Rc2+ Kb7 40. Rcb2 Rxg4 41. Rxb6+ Kc7 42. Rb7+ Kc8 43. Bxg4 Rxg4 44. Rxf7 Rxh4 45. Rxh7 Rxh5 46. Ra2 Kb8 47. Rg2 Ng5 48. Rd7 Kc8 49. Rxd5 Nf3 50. Rc2+ Kb7 51. Rb2+ 1-0

[Event "Belgrade Trophy 34th"]
[Site "Belgrade"]
[Date "2020.11.24"]
[Round "1"]
[White "Karanovic, Djordje"]
[Black "Vasic, Vladimir"]
[Result "1-0"]
[WhiteElo "1809"]
[BlackElo "2147"]
[PlyCount "39"]
[EventDate "2020.11.24"]
[EventType "swiss"]
[EventRounds "9"]
[EventCountry "SRB"]
[SourceTitle "CBM 199 Extra"]
[Source "ChessBase"]
[SourceDate "2021.01.31"]
[SourceVersion "1"]
[SourceVersionDate "2021.01.31"]
[SourceQuality "1"]

1. d4 d5 2. c4 dxc4 3. e3 e5 4. Nc3 exd4 5. exd4 Nf6 6. Bxc4 Be7 7. Nf3 0-0 8. Be3 Bg4 9. h3 Bh5 10. g4 Bg6 11. Ne5 Nbd7 12. Nxg6 hxg6 13. g5 Ne8 14. h4 Nb6 15. Bb3 c6 16. h5 Nd5 17. Nxd5 cxd5 18. Qg4 Nd6 19. hxg6 Nc4 20. Rh8+ 1-0

[Event "Belgrade Trophy 32nd"]
[Site "Belgrade"]
[Date "2018.12.02"]
[Round "9"]
[White "Karanovic, Djordje"]
[Black "Babin, Aleksandar"]
[Result "1-0"]
[WhiteElo "1558"]
[BlackElo "1949"]
[PlyCount "39"]
[EventDate "2018.11.24"]
[EventType "swiss"]
[EventRounds "9"]
[EventCountry "SRB"]
[SourceTitle "CBM 187 Extra"]
[Source "ChessBase"]
[SourceDate "2018.11.04"]
[SourceVersion "1"]
[SourceVersionDate "2018.11.04"]
[SourceQuality "1"]

1. d4 Nf6 2. Nf3 e6 3. c4 b6 4. Nc3 Bb7 5. Bg5 Be7 6. Qc2 Na6 7. Bxf6 Bxf6 8. e4 d6 9. c5 0-0 10. Qa4 Nb8 11. Be2 dxc5 12. e5 Be7 13. dxc5 Bxc5 14. Rd1 Qe8 15. Qg4 Ba6 16. Ne4 Be7 17. Nf6+ Bxf6 18. exf6 g6 19. Qg5 Kh8 20. Qh6 1-0

[Event "Belgrade Trophy 32nd"]
[Site "Belgrade"]
[Date "2018.11.26"]
[Round "3"]
[White "Karanovic, Djordje"]
[Black "Mitic, Miroslav"]
[Result "0-1"]
[WhiteElo "1558"]
[BlackElo "2007"]
[PlyCount "112"]
[EventDate "2018.11.24"]
[EventType "swiss"]
[EventRounds "9"]
[EventCountry "SRB"]
[SourceTitle "CBM 187 Extra"]
[Source "ChessBase"]
[SourceDate "2018.11.04"]
[SourceVersion "1"]
[SourceVersionDate "2018.11.04"]
[SourceQuality "1"]

1. d4 Nf6 2. c4 e5 3. dxe5 Ng4 4. Nf3 Nc6 5. a3 Ngxe5 6. e3 d6 7. b3 Be7 8. Bb2 Bf6 9. Nxe5 Nxe5 10. Nc3 0-0 11. Be2 Ng6 12. Qc2 Re8 13. 0-0 Bd7 14. b4 c6 15. Rfd1 Qe7 16. Qd3 Be5 17. Na4 Rad8 18. Bxe5 dxe5 19. Qd6 Qg5 20. Qc7 Bh3 21. g3 Bc8 22. Nc5 Qe7 23. Qxe7 Nxe7 24. Ne4 Rf8 25. Nd6 b6 26. e4 Be6 27. Rd2 Rb8 28. Rad1 g6 29. a4 a5 30. b5 c5 31. Kg2 h6 32. h3 Kh7 33. g4 Rfd8 34. Kg3 Rd7 35. f4 exf4+ 36. Kxf4 g5+ 37. Ke3 Ng6 38. Nf5 Rxd2 39. Kxd2 Rd8+ 40. Kc2 Rxd1 41. Kxd1 Bxf5 42. exf5 Nf4 43. Bf1 Kg7 44. Ke1 Kf6 45. Kf2 Ke5 46. Ke3 f6 47. Bd3 Nxh3 48. Be4 Nf4 49. Bf3 Kd6 50. Kd2 Ke5 51. Ke3 h5 52. gxh5 Kxf5 53. Be4+ Ke5 54. h6 f5 55. Bd5 Kf6 56. h7 Kg7 0-1